000 00371nam a2200133Ia 4500
005 20251222152615.0
008 251222s9999||||xx |||||||||||||| ||spa||
020 _a9786124555107
082 _aREF:036.1/P23
100 _aEditorial Panamerican Books
245 0 _aDiccionario Enciclopédico Universal Visual Color
264 _bPanamérican Books E.I.R.L.
942 _cLIB
999 _c27144
_d27144